Hawaiian Moon Phase Names - Statistics

General Stats
  • This quiz has been taken 10 times
  • The average score is 23 of 30
Answer Stats
Hint Answer % Correct
Anahulu Piha Poepoe Akua
100%
Anahulu Piha Poepoe Hua
100%
Anahulu Ho'emi Kāne
100%
Anahulu Ho'nui Kūkahi
100%
Anahulu Ho'nui Kūkolu
100%
Anahulu Piha Poepoe Kulu
100%
Anahulu Ho'nui Kūlua
100%
Anahulu Piha Poepoe Lāaukūkahi
100%
Anahulu Ho'emi Lono
100%
Anahulu Piha Poepoe Māhealani
100%
Anahulu Ho'emi Mauli
100%
Anahulu Ho'emi Muku
100%
Anahulu Ho'nui 'Olekūkahi
100%
Anahulu Ho'emi 'Olekūkahi
100%
Anahulu Ho'nui 'Olekūkolu
100%
Anahulu Ho'nui 'Olekūlua
100%
Anahulu Ho'emi 'Olekūlua
100%
Anahulu Ho'nui Hilo
50%
Anahulu Ho'nui Hoaka
50%
Anahulu Piha Poepoe Hoku
50%
Anahulu Piha Poepoe Huna
50%
Anahulu Ho'emi Kāloakūkahi
50%
Anahulu Ho'emi Kāloakūlua
50%
Anahulu Ho'emi Kāloapau
50%
Anahulu Ho'nui Kūpau
50%
Anahulu Piha Poepoe Lā'aukūlua
50%
Anahulu Piha Poepoe Lā'aupau
50%
Anahulu Ho'nui 'Olepau
50%
Anahulu Ho'emi 'Olepau
50%
Anahulu Piha Poepoe Mohalu
0%
No matching quizzes found
Score Distribution
Percent of People with Each Score
Percentile by Number Answered
Your Score History
You have not taken this quiz